000 01297nab a22002537a 4500
999 _c5302
_d5302
003 OSt
005 20250217203635.0
008 190603e xxum|||| |||| 00| 0 spa d
040 _cPJ-TDF
100 _95588
_aKaufman, Gabriela J.
245 1 3 _aEl régimen legal de alimentos debidos a los nietos y el principio de solidaridad familiar :
_buna mirada desde el diálogo de fuentes /
_cGabriela J. Kaufman.
260 _cCiudad Autónoma de Buenos Aires :
_aThomson Reuters La Ley,
_b2023.
300 _ap. 126-134
500 _aCita: TR LALEY AR/DOC/1552/2023.
505 _aSumario: I. Antecedentes del caso.— II. Argumentación de la resolución.— III. La responsabilidad de los abuelos en la provisión de alimentos: perspectivas legales.— IV. Palabras de cierre.
505 _tFallo comentado: CNCiv., sala C ~ 14/02/2023 ~ C. M. B. y otro c. B. N. E. y otro s/ alimentos.
505 _t¿Te interesa el texto completo? Solicitalo al correo: koha@justierradelfuego.gov.ar
650 0 _9967
_aDERECHO DE FAMILIA
650 0 _9968
_aALIMENTOS
650 0 _94099
_aCUOTA ALIMENTARIA
650 0 _aABUELOS
_93829
773 0 _02713
_93170
_dCiudad Autónoma de Buenos Aires : Thomson Reuters La Ley, 2015-
_tRevista Código Civil y Comercial. Nº 5 - Octubre 2023
942 _2udc
_cANA